000 00581cam a2200145 4500500
005 20251228093426.0
041 _afre
042 _adc
100 1 0 _aPeyrouse, Sébastien
_eauthor
245 0 0 _aYaacov Ro’i, ed. Democracy and Pluralism in Muslim Eurasia Londres, New York : Frank Cass, 2004, 403p. (Cummings Center Series, 19)
260 _c2005.
500 _a48
786 0 _nCahiers du monde russe | Vol 46 | 4 | 2005-11-01 | p. 859zk-990zk | 1252-6576
856 4 1 _uhttps://shs.cairn.info/revue-cahiers-du-monde-russe-2005-4-page-859zk?lang=fr&redirect-ssocas=7080
999 _c1604363
_d1604363